<?xml version="1.0" encoding="UTF-8"?>
<record
    xmlns:xsi="http://www.w3.org/2001/XMLSchema-instance"
    xsi:schemaLocation="http://www.loc.gov/MARC21/slim http://www.loc.gov/standards/marcxml/schema/MARC21slim.xsd"
    xmlns="http://www.loc.gov/MARC21/slim">

  <leader>02987cam a2200277   4500500</leader>
  <controlfield tag="005">20260111145957.0</controlfield>
  <datafield tag="041" ind1=" " ind2=" ">
    <subfield code="a">fre</subfield>
  </datafield>
  <datafield tag="042" ind1=" " ind2=" ">
    <subfield code="a">dc</subfield>
  </datafield>
  <datafield tag="100" ind1="1" ind2="0">
    <subfield code="a">Olivesi, Jean-Marc</subfield>
    <subfield code="e">author</subfield>
  </datafield>
  <datafield tag="245" ind1="0" ind2="0">
    <subfield code="a">Mus&#xE9;e de la Corse</subfield>
  </datafield>
  <datafield tag="260" ind1=" " ind2=" ">
    <subfield code="c">2008.
							</subfield>
  </datafield>
  <datafield tag="500" ind1=" " ind2=" ">
    <subfield code="a">54</subfield>
  </datafield>
  <datafield tag="520" ind1=" " ind2=" ">
    <subfield code="a">R&#xE9;sum&#xE9;&#xC0; partir d&#x2019;une approche originale de conservation, fond&#xE9;e sur les collections ethnographiques riches et compl&#xE8;tes constitu&#xE9;es par le p&#xE8;re Doazan, le Mus&#xE9;e de la Corse, n&#xE9; de la volont&#xE9; de la R&#xE9;gion&#xA0;&#x2013;&#xA0;aujourd&#x2019;hui la Collectivit&#xE9; territoriale de Corse&#xA0;&#x2013;&#xA0;en juin 1997, a connu une &#xE9;volution profonde dans la derni&#xE8;re d&#xE9;cennie, depuis l&#x2019;&#xE9;tude des communaut&#xE9;s agropastorales jusqu&#x2019;aux ph&#xE9;nom&#xE8;nes de la modernit&#xE9;. &#xC0; travers les expositions temporaires annuelles, le mus&#xE9;e s&#x2019;est attach&#xE9; &#xE0; diffuser le r&#xE9;sultat de ses recherches par le biais de publications importantes, et il assume ainsi actuellement un r&#xF4;le essentiel dans l&#x2019;analyse sociale, &#xE9;conomique et culturelle aupr&#xE8;s d&#x2019;un large public, laissant pr&#xE9;sager, dans un futur proche, le d&#xE9;veloppement d&#x2019;autres &#xE9;changes dans ce contexte m&#xE9;diterran&#xE9;en.</subfield>
  </datafield>
  <datafield tag="520" ind1=" " ind2=" ">
    <subfield code="a">Based on the rich collections gathered by the p&#xE8;re Doazan, the Museum of Cosica, born by the will of the Region, today the Territorial Collectivity of Corsica, opened in June 1997, since when it has deeply evolved, starting originally with the exhibition of agricultural and pastoral communities to open its range of interests to modernity. Through annual temporary exhibits, the museum disseminates the results of its investigations by important publications. The general public is thus given access to social, economic and cultural analysis, while, in the near future, other exchanges are being planned within this Mediterranean context.</subfield>
  </datafield>
  <datafield tag="520" ind1=" " ind2=" ">
    <subfield code="a">ZusammenfassungAufgrund der Initiative Pater Doazans zur Bewahrung wichtiger ethnographischen Sammlungen, hat sich das Korsika-Museum (gegr&#xFC;ndet 1997 als regionale Initiative&#xA0;; heute unter Verwaltung der Collectivit&#xE9; territoriale Korsikas) im letzten Jahrzehnt thematisch grundlegend ver&#xE4;ndert&#xA0;&#x2013;&#xA0;weg von landwirtschaftlich-pastoralen Betrachtungen hin zur Analyse von Ph&#xE4;nomenen der Moderne. In wechselnden Jahresausstellungen pr&#xE4;sentiert das Museum die Ergebnisse seiner Forschungsarbeiten und &#xFC;bernimmt so eine wichtige Rolle in der Analyse sozialer, wirtschaftlicher und kultureller Fragestellungen f&#xFC;r ein breites Publikum. In naher Zukunft soll der Blick auf den Austausch innerhalb des Mittelmeerraumes erweitert werden.</subfield>
  </datafield>
  <datafield tag="690" ind1=" " ind2=" ">
    <subfield code="a">collections d'ethnographie</subfield>
  </datafield>
  <datafield tag="690" ind1=" " ind2=" ">
    <subfield code="a">Corse</subfield>
  </datafield>
  <datafield tag="690" ind1=" " ind2=" ">
    <subfield code="a">exposition</subfield>
  </datafield>
  <datafield tag="690" ind1=" " ind2=" ">
    <subfield code="a">Mus&#xE9;e de la Corse</subfield>
  </datafield>
  <datafield tag="690" ind1=" " ind2=" ">
    <subfield code="a">Corsica</subfield>
  </datafield>
  <datafield tag="690" ind1=" " ind2=" ">
    <subfield code="a">Corsica Museum</subfield>
  </datafield>
  <datafield tag="690" ind1=" " ind2=" ">
    <subfield code="a">ethnographic collections</subfield>
  </datafield>
  <datafield tag="690" ind1=" " ind2=" ">
    <subfield code="a">exhibition</subfield>
  </datafield>
  <datafield tag="786" ind1="0" ind2=" ">
    <subfield code="n">Ethnologie fran&#xE7;aise | 38 | 3 | 2008-07-22 | p. 527-533 | 0046-2616</subfield>
  </datafield>
  <datafield tag="856" ind1="4" ind2="1">
    <subfield code="u">https://shs.cairn.info/revue-ethnologie-francaise-2008-3-page-527?lang=fr&amp;redirect-ssocas=7080</subfield>
  </datafield>
  <datafield tag="999" ind1=" " ind2=" ">
    <subfield code="c">1636794</subfield>
    <subfield code="d">1636794</subfield>
  </datafield>
</record>
